|
|
|
|
| LEADER |
00000nab#a22000007a#4500 |
| 001 |
arbauad005218 |
| 003 |
AR-BaUAD |
| 005 |
20250711110705.0 |
| 008 |
940816|||||||||###||||||b###|0###a|spa|| |
| 040 |
|
|
|a AR-BaUAD
|c AR-BaUAD
|b spa
|
| 100 |
|
|
|a Aalto, Alvar
|
| 245 |
|
|
|a Centro cultural del Wolfsburg - Ayuntamiento de Saynatsalo - Capilla de Imatra - Enso Gutzeit /
|c Alvar Aalto;
|
| 300 |
0 |
|
|b il.,
|
| 653 |
|
|
|a AALTO, ALVAR
|
| 653 |
|
|
|a CENTRO CULTURAL DE WOLFSBURGS
|
| 653 |
|
|
|a MUNICIPALIDADES
|
| 653 |
|
|
|a EDIFICIOS PUBLICOS
|
| 653 |
|
|
|a IGLESIA DE IMATRA
|
| 773 |
0 |
|
|t Modos Año 1
|g no. 2 [jul.-ago. 1987], p. 41-44
|
| 942 |
|
|
|c ARTI
|
| 952 |
|
|
|0 0
|1 0
|4 0
|7 0
|9 50138
|a AR-BAuAD
|b AR-BAuAD
|d 2025-07-11
|l 0
|p AAQA005218
|r 2025-07-11 11:07:05
|w 2025-07-11
|y ARTI
|
| 990 |
|
|
|a AQ198
|b TD
|
| 998 |
|
|
|a AAQ
|b BIBUN76
|
| 999 |
|
|
|c 29811
|d 29811
|